Statistiken für Wer stiehlt mir die Show? - Teilnehmer

Klicken Sie hier um das Quiz zu spielen!

Allgemein

  • Dieses Quiz wurde 115 mal gespielt
    (21 seit der letzten Aktualisierung)
  • Das Durchschnittsergebnis liegt bei 22 aus 28

Antwortstatistiken

StaffelShow moderiert?Teilnehmer% Korrekt
Staffel 1JaJoko Winterscheidt
100%
Staffel 7JaJoko Winterscheidt
93%
Staffel 6JaJoko Winterscheidt
93%
Staffel 4JaJoko Winterscheidt
93%
Staffel 2JaJoko Winterscheidt
93%
Staffel 5JaJoko Winterscheidt
93%
Staffel 3JaJoko Winterscheidt
93%
Staffel 7NeinKlaas Heufer-Umlauf
93%
Staffel 7NeinSarah Connor
93%
Staffel 5JaSido
93%
Staffel 2NeinTeddy Teclebrhan
93%
Staffel 7NeinLena Meyer-Landrut
87%
Staffel 1JaThomas Gottschalk
80%
Staffel 3JaAnke Engelke
73%
Staffel 2JaBastian Pastewka
73%
Staffel 6JaMatthias Schweighöfer
73%
Staffel 1NeinPalina Rojinski
73%
Staffel 2JaShirin David
73%
Staffel 5NeinBill Kaulitz
67%
Staffel 1JaElyas M’Barek
67%
Staffel 6NeinFlorian David Fitz
67%
Staffel 6JaHazel Brugger
67%
Staffel 3JaMark Forster
67%
Staffel 4JaOlli Schulz
67%
Staffel 5NeinJasna Fritzi Bauer
53%
Staffel 4NeinFahri Yardim
47%
Staffel 3NeinRiccardo Simonetti
47%
Staffel 4JaNilam Farooq
40%

Verteilung der Resultate

Perzentil nach korrekt beantworteten Fragen

Anzahl Personen mit jedem Resultat

Ihre Resultats-Entwicklung

Sie haben dieses Quiz seit der letzten Aktualisierung nicht gespielt